[Event "Addis Ababa zt 4.4 (Women)"]
[Site "Addis Ababa"]
[Date "2022.05.04"]
[Round "4"]
[White "Ayele, Hana Mulugeta"]
[Black "Mekonen, Selemawit Kidanemar"]
[Result "1/2-1/2"]
[WhiteElo "1408"]
[BlackElo "1127"]
[PlyCount "99"]
[EventDate "2022.05.02"]
[EventType "swiss"]
[EventRounds "9"]
[EventCountry "ETH"]
[SourceTitle "CBM 208 Extra"]
[Source "ChessBase"]
[SourceDate "2022.07.31"]
[SourceVersion "1"]
[SourceVersionDate "2022.07.31"]
[SourceQuality "1"]

1. e4 c5 2. Nf3 g6 3. Bc4 Bg7 4. Nc3 Nc6 5. a3 a6 6. h3 d6 7. d3 Nf6 8. 0-0 0-0 9. Re1 b5 10. Ba2 Bb7 11. Be3 Re8 12. Qd2 e6 13. Bg5 Qb6 14. Qf4 e5 15. Qd2 Ne7 16. Bxf6 Bxf6 17. Nd5 Bxd5 18. Bxd5 Rab8 19. Ba2 b4 20. axb4 Qxb4 21. Qxb4 Rxb4 22. Bb3 Ra8 23. Ra2 a5 24. Rea1 Rb5 25. Bc4 Rb7 26. Nd2 Rba7 27. Bb5 Nc8 28. Nc4 Bd8 29. Bc6 Rb8 30. b3 Ne7 31. Bd5 Nxd5 32. exd5 Rba8 33. Nxd6 Rd7 34. Nc4 Rxd5 35. Nxa5 Bc7 36. Nc4 Rxa2 37. Rxa2 e4 38. Ne3 Rd4 39. dxe4 Rxe4 40. Ra1 f5 41. Nd5 Be5 42. Rd1 h5 43. f3 Re2 44. c3 Bg3 45. b4 cxb4 46. cxb4 Rb2 47. Kf1 Rf2+ 48. Kg1 Rb2 49. Kf1 Rf2+ 50. Kg1 1/2-1/2